| 000 | 00829nam a2200229Ia 4500 | ||
|---|---|---|---|
| 005 | 20250108124900.0 | ||
| 008 | 008 250107s9999 xx 000 0 hin d | ||
| 020 | _a978-93-80259-02-4 | ||
| 037 | _aTB | ||
| 040 |
_aCRL _bhin _cCRL |
||
| 041 |
_ahin _2hin |
||
| 084 | _aR6 Q4 | ||
| 084 | _qCRL | ||
| 100 | _aवेदप्रकाश, ले. | ||
| 245 | 0 |
_aसंकल्प राष्ट्र निर्माण का: प्रधानमंत्री जी के मन की बात का विश्लेषण _cवेदप्रकाश, ले. |
|
| 260 |
_aनई दिल्ली, भारत _bसंजय प्रकाशन _c2544 |
||
| 300 | _a166पृ0 | ||
| 365 |
_aINR _b200 |
||
| 650 | _aइतिहास | ||
| 942 |
_cTB _hR6 Q4 |
||
| 999 |
_c1234932 _d1234932 |
||